[Event "PARDUBICE OPEN 2007"]
[Site "CEZ arena,  Pardubice  (CZE)"]
[Date "2007.07.20"]
[Round "1"]
[White "Lerch, Patrice"]
[Black "Oleksienko, Mikhailo"]
[Result "0-1"]
[WhiteElo "2301"]
[BlackElo "2567"]
[PlyCount "74"]
[EventDate "2007.07.20"]

1. e4 c5 2. Nc3 Nc6 3. g3 g6 4. Bg2 Bg7 5. d3 d6 6. Be3 Rb8 7. Qd2 b5 8. Nge2
b4 9. Nd1 e5 10. O-O Nge7 11. a3 a5 12. axb4 cxb4 13. b3 O-O 14. Nb2 d5 15.
exd5 Nxd5 16. Bc5 Re8 17. Nc4 Rb5 18. Bb6 Qd7 19. Bxa5 Bb7 20. Ra4 Ra8 21. Rfa1
e4 22. R1a2 Nc3 23. Nxc3 Bxc3 24. Qd1 Re8 25. Ne3 Ree5 26. Nc4 exd3 27. Nxe5
Rxe5 28. Qxd3 Re1+ 29. Bf1 Nd4 30. Bxb4 Nf3+ 31. Qxf3 Rxf1+ 32. Kxf1 Bxf3 33.
Ra8+ Kg7 34. Bxc3+ Kh6 35. Ra1 Qh3+ 36. Ke1 Qe6+ 37. Kf1 Qe2+ 0-1

[Event "PARDUBICE OPEN 2007"]
[Site "CEZ arena,  Pardubice  (CZE)"]
[Date "2007.07.20"]
[Round "1"]
[White "Bobras, Piotr"]
[Black "Ipatov, Alexander"]
[Result "1-0"]
[WhiteElo "2558"]
[BlackElo "2298"]
[PlyCount "89"]
[EventDate "2007.07.20"]

1. e4 e5 2. Nf3 Nf6 3. Nxe5 d6 4. Nf3 Nxe4 5. Nc3 Nxc3 6. dxc3 Be7 7. Bf4 Nd7
8. Qd2 O-O 9. O-O-O Nc5 10. Nd4 Ne6 11. Be3 Nxd4 12. cxd4 c6 13. Bd3 Be6 14.
Kb1 Qd7 15. h4 Rfe8 16. h5 Bf5 17. d5 c5 18. h6 Bxd3 19. Qxd3 g6 20. Qc3 Bf8
21. Rhe1 Qf5 22. f3 Re5 23. Bc1 Rxe1 24. Qxe1 Qh5 25. g4 Qh3 26. Qe3 Qg3 27. b3
Qe5 28. Qxe5 dxe5 29. Bg5 Bd6 30. Bf6 c4 31. Re1 cxb3 32. axb3 Kf8 33. Re4 a6
34. c4 Rc8 35. Kc2 b5 36. Kd3 bxc4+ 37. bxc4 a5 38. Bxe5 Bc5 39. Bg7+ Kg8 40.
Bd4 Bxd4 41. Kxd4 a4 42. d6 Kf8 43. c5 a3 44. Re2 Ra8 45. d7 1-0

[Event "PARDUBICE OPEN 2007"]
[Site "CEZ arena,  Pardubice  (CZE)"]
[Date "2007.07.20"]
[Round "1"]
[White "Mamedjarova, Turkan"]
[Black "Maslak, Konstantin"]
[Result "1/2-1/2"]
[WhiteElo "2254"]
[BlackElo "2548"]
[PlyCount "78"]
[EventDate "2007.07.20"]

1. d4 Nf6 2. Nf3 g6 3. c4 Bg7 4. Nc3 O-O 5. e3 d5 6. cxd5 Nxd5 7. Bc4 Nxc3 8.
bxc3 c5 9. O-O Qc7 10. Nd2 b6 11. Bd5 Nc6 12. Qa4 Bd7 13. Qa3 cxd4 14. cxd4 e5
15. Bb2 exd4 16. exd4 Qf4 17. Qe3 Qd6 18. Qb3 Nxd4 19. Bxd4 Bxd4 20. Ne4 Qe5
21. Rad1 Be6 22. Bxe6 fxe6 23. Nd2 Bc5 24. Nf3 Qf6 25. Rd7 Rf7 26. Rxf7 Kxf7
27. Ng5+ Ke7 28. Ne4 Qe5 29. Nxc5 Qxc5 30. Re1 Qf5 31. Qc3 Kf7 32. h3 Qf6 33.
Qc7+ Qe7 34. Rc1 Rd8 35. Qf4+ Kg8 36. Rc7 Rd7 37. Rc8+ Rd8 38. Rc7 Rd7 39. Rc8+
Rd8 1/2-1/2

[Event "PARDUBICE OPEN 2007"]
[Site "CEZ arena,  Pardubice  (CZE)"]
[Date "2007.07.20"]
[Round "1"]
[White "Jedynak, Radoslaw"]
[Black "Pletnev, Evgeniy"]
[Result "0-1"]
[WhiteElo "2540"]
[BlackElo "2291"]
[PlyCount "62"]
[EventDate "2007.07.20"]

1. d4 f5 2. Nc3 Nf6 3. Bg5 g6 4. f3 d5 5. Qd2 Bg7 6. e4 fxe4 7. fxe4 Nxe4 8.
Nxe4 dxe4 9. O-O-O Nc6 10. d5 Ne5 11. Qb4 Nf7 12. Bf4 Nd6 13. Bxd6 cxd6 14.
Bb5+ Bd7 15. Bxd7+ Qxd7 16. Qxe4 Qb5 17. c3 O-O 18. Nf3 Rac8 19. Rd3 Rc4 20.
Qe6+ Kh8 21. Rhd1 Bf6 22. Kc2 Qa4+ 23. Kb1 Re4 24. Qh3 Re2 25. R1d2 Qe4 26. Kc2
b5 27. a3 a5 28. Rxe2 Qxe2+ 29. Nd2 Bg5 30. Qg3 Rf1 31. Kb3 Bxd2 0-1

[Event "PARDUBICE OPEN 2007"]
[Site "CEZ arena,  Pardubice  (CZE)"]
[Date "2007.07.20"]
[Round "1"]
[White "Zhigalko, Andrey"]
[Black "Grabinsky, Vladimir"]
[Result "1-0"]
[WhiteElo "2529"]
[BlackElo "2288"]
[PlyCount "43"]
[EventDate "2007.07.20"]

1. e4 c5 2. Nf3 d6 3. d4 cxd4 4. Nxd4 Nf6 5. Nc3 a6 6. Be3 Nc6 7. f3 e6 8. Qd2
Be7 9. O-O-O O-O 10. g4 Nxd4 11. Qxd4 Nd7 12. Rg1 b5 13. Kb1 Ne5 14. Rg3 Nc6
15. Qd2 b4 16. Na4 Rb8 17. f4 Qa5 18. b3 Bf6 19. g5 Bc3 20. Qxd6 Rd8 21. Qxd8+
Nxd8 22. Bb6 1-0

[Event "PARDUBICE OPEN 2007"]
[Site "CEZ arena,  Pardubice  (CZE)"]
[Date "2007.07.20"]
[Round "1"]
[White "Musakaev, Emil"]
[Black "Warakomski, Tomasz"]
[Result "1/2-1/2"]
[WhiteElo "2288"]
[BlackElo "2506"]
[PlyCount "89"]
[EventDate "2007.07.20"]

1. e4 g6 2. d4 Bg7 3. Nf3 d6 4. Nc3 c6 5. a4 a5 6. Be2 Qc7 7. Be3 Nd7 8. Nd2
Nb6 9. O-O Nh6 10. f3 d5 11. e5 f6 12. f4 O-O 13. Kh1 fxe5 14. fxe5 Rxf1+ 15.
Nxf1 Be6 16. Bg5 Nf7 17. Bf4 Rf8 18. Ne3 Nh6 19. Bg5 Nf5 20. Nxf5 Bxf5 21. Bf3
h6 22. Bh4 g5 23. Bg3 e6 24. Qe2 Nc8 25. b3 Ne7 26. Re1 Bg6 27. Nd1 b5 28. Nb2
c5 29. dxc5 Qxc5 30. Bg4 Qxc2 31. Bxe6+ Kh7 32. Qxc2 Bxc2 33. axb5 Bxb3 34. h3
a4 35. Ra1 Rb8 36. Nxa4 Rxb5 37. Nc3 Rb6 38. Bg4 d4 39. Ne4 Bd5 40. Nf6+ Bxf6
41. exf6 Rxf6 42. Rd1 Nc6 43. Bd7 Rf7 44. Bxc6 Bxc6 45. Rxd4 1/2-1/2

[Event "PARDUBICE OPEN 2007"]
[Site "CEZ arena,  Pardubice  (CZE)"]
[Date "2007.07.20"]
[Round "1"]
[White "Polzin, Rainer"]
[Black "Kadziolka, Beata"]
[Result "1-0"]
[WhiteElo "2505"]
[BlackElo "2287"]
[PlyCount "59"]
[EventDate "2007.07.20"]

1. e4 c5 2. Nc3 d6 3. f4 g6 4. Nf3 Bg7 5. Bc4 Nc6 6. O-O e6 7. d3 Nge7 8. Qe1
O-O 9. Bb3 Na5 10. Nd1 b5 11. Bd2 Nxb3 12. axb3 Bb7 13. Bc3 b4 14. Bxg7 Kxg7
15. Ne3 f5 16. e5 Bxf3 17. exd6 Qxd6 18. Rxf3 Qd4 19. c3 bxc3 20. bxc3 Qxd3 21.
Nc4 Qe4 22. Re3 Qxf4 23. Rxe6 Ng8 24. Nd6 a5 25. Ra4 Qg5 26. h4 Qh5 27. Rf4 Nh6
28. Re7+ Rf7 29. g4 fxg4 30. Rfxf7+ 1-0

[Event "PARDUBICE OPEN 2007"]
[Site "CEZ arena,  Pardubice  (CZE)"]
[Date "2007.07.20"]
[Round "1"]
[White "Yandemirov, Valeri"]
[Black "Borisova, Elizaveta"]
[Result "1-0"]
[WhiteElo "2504"]
[BlackElo "2285"]
[PlyCount "59"]
[EventDate "2007.07.20"]

1. e4 c5 2. Nf3 e6 3. c4 Nc6 4. Nc3 Nd4 5. Nxd4 cxd4 6. Ne2 e5 7. f4 d3 8. Nc3
exf4 9. Qf3 Qh4+ 10. g3 fxg3 11. hxg3 Qf6 12. Qxd3 Qe5 13. Qf3 Nf6 14. d4 Qxd4
15. Be3 Qd6 16. Bf4 Qc6 17. O-O-O d6 18. Nd5 Be6 19. Kb1 O-O-O 20. Bg5 Bg4 21.
Bh3 Bxh3 22. Bxf6 Be6 23. Bxg7 Bxg7 24. Ne7+ Kc7 25. Nxc6 bxc6 26. Qa3 c5 27.
Qxa7+ Kc6 28. Qa6+ Kc7 29. b4 cxb4 30. c5 1-0

[Event "PARDUBICE OPEN 2007"]
[Site "CEZ arena,  Pardubice  (CZE)"]
[Date "2007.07.20"]
[Round "1"]
[White "Kononenko, Dmitry"]
[Black "Majer-Jun., Jiri"]
[Result "1-0"]
[WhiteElo "2501"]
[BlackElo "2284"]
[PlyCount "61"]
[EventDate "2007.07.20"]

1. e4 Nf6 2. e5 Nd5 3. d4 d6 4. Nf3 Bg4 5. Be2 e6 6. c4 Nb6 7. exd6 cxd6 8. h3
Bh5 9. Nc3 Be7 10. d5 e5 11. g4 Bg6 12. h4 h6 13. Bd3 N8d7 14. Bxg6 fxg6 15. b3
O-O 16. Be3 Rc8 17. g5 Nxc4 18. bxc4 Rxc4 19. Qd3 Rxc3 20. Qxc3 Rxf3 21. Ke2
Qf8 22. Qc2 Rf5 23. gxh6 gxh6 24. Rag1 Kh7 25. Rg3 Qf7 26. h5 Bg5 27. hxg6+
Kxg6 28. Qe4 Nf6 29. Rxh6+ Kxh6 30. Qxf5 Qh5+ 31. Kf1 1-0

[Event "PARDUBICE OPEN 2007"]
[Site "CEZ arena,  Pardubice  (CZE)"]
[Date "2007.07.20"]
[Round "1"]
[White "Van, Der Burght Remko"]
[Black "Kasparov, Sergey"]
[Result "0-1"]
[WhiteElo "2284"]
[BlackElo "2500"]
[PlyCount "88"]
[EventDate "2007.07.20"]

1. e4 c6 2. d4 d5 3. exd5 cxd5 4. c4 Nf6 5. Nc3 g6 6. Qb3 Bg7 7. cxd5 O-O 8.
Be2 Na6 9. Bf3 Qb6 10. Qxb6 axb6 11. Nge2 Nb4 12. O-O Rd8 13. d6 Rxd6 14. Bf4
Rd7 15. Rfd1 Nfd5 16. Bg3 Nxc3 17. bxc3 Nc6 18. Rab1 Rxa2 19. Rxb6 e5 20. Re1
Re7 21. Bxc6 exd4 22. Bb5 Rb2 23. cxd4 Rexe2 24. Bxe2 Rxb6 25. d5 Bd7 26. h3
Bf8 27. Bf3 Bd6 28. Kh2 Kf8 29. h4 h6 30. Ra1 Bxg3+ 31. Kxg3 Ra6 32. Rc1 b5 33.
Kf4 Ke7 34. Ke5 f6+ 35. Kd4 Kd6 36. g3 Ra4+ 37. Kd3 Ra3+ 38. Ke2 b4 39. Be4
Bb5+ 40. Kd2 f5 41. Bb1 Rf3 42. Ke1 Kxd5 43. Rd1+ Kc5 44. Rd8 b3 0-1

[Event "PARDUBICE OPEN 2007"]
[Site "CEZ arena,  Pardubice  (CZE)"]
[Date "2007.07.20"]
[Round "1"]
[White "Schebler, Gerhard"]
[Black "Dovzhenko, Viktor"]
[Result "1-0"]
[WhiteElo "2496"]
[BlackElo "2280"]
[PlyCount "39"]
[EventDate "2007.07.20"]

1. Nf3 c5 2. e4 d6 3. Nc3 Nf6 4. d4 cxd4 5. Qxd4 Bd7 6. Bg5 Nc6 7. Qd2 a6 8.
Bc4 e6 9. Bb3 Qc7 10. O-O Be7 11. Rad1 Na5 12. Rfe1 Nxb3 13. axb3 Bc6 14. Nd4
Rd8 15. Qe2 O-O 16. Rd3 Rfe8 17. Rg3 Bd7 18. Nf5 Kh8 19. Nxe7 Bb5 20. Bxf6 1-0

[Event "PARDUBICE OPEN 2007"]
[Site "CEZ arena,  Pardubice  (CZE)"]
[Date "2007.07.20"]
[Round "1"]
[White "Furman, Boris"]
[Black "Bosiocic, Marin"]
[Result "0-1"]
[WhiteElo "2279"]
[BlackElo "2496"]
[PlyCount "80"]
[EventDate "2007.07.20"]

1. d4 Nf6 2. c4 g6 3. Nc3 Bg7 4. Bg5 d6 5. Nf3 h6 6. Bh4 g5 7. Bg3 Nh5 8. e3
Nxg3 9. hxg3 c5 10. d5 Qa5 11. Qc2 Nd7 12. Be2 a6 13. O-O Rb8 14. a4 Ne5 15.
Nxe5 Bxe5 16. f4 gxf4 17. gxf4 Bg7 18. Ra3 Bd7 19. Bd3 Kd8 20. Na2 Kc7 21. Rb1
Bf6 22. Bf5 Bxf5 23. Qxf5 Rhg8 24. b4 cxb4 25. Rxb4 Qc5 26. Qe4 a5 27. Rbb3 Rg3
28. Nc3 Rbg8 29. Nb5+ Kb8 30. Ra2 h5 31. Rf2 h4 32. Kf1 h3 33. gxh3 Rg1+ 34.
Ke2 Rc1 35. Kd3 Rg3 36. Rc2 Rh1 37. Nd4 Qxd4+ 38. Qxd4 Rd1+ 39. Ke2 Rxd4 40.
Rcb2 Rg2+ 0-1

[Event "PARDUBICE OPEN 2007"]
[Site "CEZ arena,  Pardubice  (CZE)"]
[Date "2007.07.20"]
[Round "1"]
[White "Novikov, Stanislav"]
[Black "Stachowiak, Kamil"]
[Result "1-0"]
[WhiteElo "2562"]
[BlackElo "2301"]
[PlyCount "107"]
[EventDate "2007.07.20"]

1. e4 c5 2. Nf3 Nc6 3. Bb5 g6 4. O-O Bg7 5. c3 e5 6. Na3 Nge7 7. Nc4 d6 8. d4
O-O 9. dxc5 dxc5 10. Bg5 f6 11. Be3 b6 12. Qa4 Qc7 13. Rfd1 Nd8 14. Nd6 Be6 15.
Bc4 Bxc4 16. Qxc4+ Nf7 17. b4 Nc8 18. Nxf7 Rxf7 19. Qd5 Rb8 20. bxc5 Bf8 21.
Rab1 Kg7 22. h4 h5 23. a4 bxc5 24. Rxb8 Qxb8 25. Bxc5 Nb6 26. Bxf8+ Qxf8 27.
Qb5 Qc8 28. a5 Nc4 29. Rd5 Rb7 30. Qc5 Rc7 31. Qb4 a6 32. Nd2 Nxd2 33. Rxd2 Rb7
34. Qa3 Qg4 35. Qa2 Qxe4 36. Rd1 Qxh4 37. Qd5 Rb5 38. Qd6 Qg4 39. Re1 Qc4 40.
Qe7+ Qf7 41. Qd8 Qd5 42. Qc7+ Qf7 43. Qc6 Qb7 44. Qe6 Rb1 45. Rxb1 Qxb1+ 46.
Kh2 Qb5 47. Qe7+ Kh6 48. Qxf6 Qxa5 49. Qf8+ Kg5 50. c4 e4 51. c5 Qc7+ 52. g3 e3
53. c6 e2 54. Kh3 1-0

[Event "PARDUBICE OPEN 2007"]
[Site "CEZ arena,  Pardubice  (CZE)"]
[Date "2007.07.20"]
[Round "1"]
[White "Zolotukhin, Valery"]
[Black "Zakhartsov, Viacheslav"]
[Result "0-1"]
[WhiteElo "2298"]
[BlackElo "2559"]
[PlyCount "132"]
[EventDate "2007.07.20"]

1. e4 c5 2. Nf3 d6 3. d4 cxd4 4. Nxd4 Nf6 5. Nc3 a6 6. Be3 e5 7. Nb3 Be6 8. f3
h5 9. Nd5 Bxd5 10. exd5 Nbd7 11. Qd2 Qc7 12. c4 b6 13. Bd3 g6 14. O-O Bg7 15.
Rae1 O-O 16. h3 Rae8 17. Qc2 Kh7 18. Nd2 Bh6 19. Bxh6 Kxh6 20. b4 Kg7 21. Rc1
a5 22. a3 axb4 23. axb4 b5 24. Ne4 bxc4 25. Qxc4 Qb6+ 26. Kh2 Rb8 27. Qc6 Qd4
28. Nxf6 Nxf6 29. Be4 Qxb4 30. Rb1 Qc5 31. Rfc1 Qxc6 32. dxc6 Nxe4 33. Rxb8
Rxb8 34. fxe4 Rc8 35. g4 hxg4 36. hxg4 Rc7 37. g5 Kf8 38. Kg3 Ke7 39. Kf3 Ke6
40. Ke3 d5 41. exd5+ Kxd5 42. Rf1 Rxc6 43. Rxf7 Rc3+ 44. Kf2 Rc6 45. Ke3 Ra6
46. Rg7 Re6 47. Rd7+ Rd6 48. Re7 Ra6 49. Rg7 e4 50. Rd7+ Ke5 51. Re7+ Kf5 52.
Rf7+ Kxg5 53. Kxe4 Ra3 54. Rf1 Rg3 55. Rf8 Kh4 56. Rf1 Rb3 57. Rf4+ Kh3 58. Rf8
g5 59. Rh8+ Kg3 60. Rh7 g4 61. Rh8 Kg2 62. Rg8 g3 63. Kf4 Kf2 64. Ra8 Rb4+ 65.
Kg5 g2 66. Ra2+ Kg3 0-1

[Event "PARDUBICE OPEN 2007"]
[Site "CEZ arena,  Pardubice  (CZE)"]
[Date "2007.07.20"]
[Round "1"]
[White "Kryakvin, Dmitry"]
[Black "Sponheim, Olaf"]
[Result "1-0"]
[WhiteElo "2554"]
[BlackElo "2295"]
[PlyCount "119"]
[EventDate "2007.07.20"]

1. e4 d5 2. exd5 Nf6 3. d4 Bg4 4. f3 Bf5 5. c4 e6 6. dxe6 Nc6 7. Be3 Qe7 8. Kf2
O-O-O 9. Nc3 fxe6 10. Nge2 Qf7 11. Kg1 g5 12. h3 Rg8 13. g4 Bg6 14. Bg2 Bc5 15.
Qa4 Nxd4 16. Nxd4 Rxd4 17. Qb5 Bb6 18. Re1 Bd3 19. Na4 Rxc4 20. Nxb6+ axb6 21.
Qb3 Qg6 22. Rd1 Be2 23. Rd2 Rc1+ 24. Kf2 Rxh1 25. Bxh1 Ba6 26. Qxe6+ Kb8 27.
Qe7 Kc8 28. Qe6+ Kb8 29. Bg2 h6 30. Qf5 Qf7 31. Kg1 Qe7 32. Bf2 Rd8 33. Rxd8+
Qxd8 34. Qc2 Bb5 35. Bg3 Bc6 36. Kh2 Nd5 37. Qd2 Qf6 38. b4 b5 39. a4 Nc3 40.
axb5 Nxb5 41. Bf2 b6 42. Qe3 Kb7 43. Kh1 Qa1+ 44. Kh2 Qf6 45. Bg3 Nd4 46. f4
Bxg2 47. Kxg2 Qc6+ 48. Kg1 Nc2 49. Qd2 Qf3 50. Qg2 Qxg2+ 51. Kxg2 Nxb4 52. f5
Nd5 53. Be5 Kc8 54. Bg7 b5 55. f6 Kd7 56. f7 Nf4+ 57. Kf3 Ne6 58. f8=Q Nxf8 59.
Bxf8 Ke6 60. Bxh6 1-0

[Event "PARDUBICE OPEN 2007"]
[Site "CEZ arena,  Pardubice  (CZE)"]
[Date "2007.07.20"]
[Round "1"]
[White "Lamby, Philipp"]
[Black "Jakubiec, Artur"]
[Result "0-1"]
[WhiteElo "2291"]
[BlackElo "2541"]
[PlyCount "104"]
[EventDate "2007.07.20"]

1. d4 f5 2. Bg5 g6 3. Nd2 Bg7 4. e4 fxe4 5. Nxe4 d5 6. Nc5 b6 7. Nb3 Nh6 8. Nf3
Nf7 9. Bh4 O-O 10. Be2 c5 11. c3 c4 12. Nbd2 Nc6 13. O-O b5 14. Ng5 Nd6 15. Bg4
Nf5 16. Bxf5 Bxf5 17. Re1 Qd7 18. Bg3 b4 19. Ngf3 bxc3 20. bxc3 Na5 21. Qc1 Bh6
22. Qa3 Nc6 23. Nf1 Qd8 24. Ne3 Be4 25. Ne5 Nxe5 26. Bxe5 Bd3 27. Ng4 Bg5 28.
h4 h5 29. hxg5 hxg4 30. Bg3 Be4 31. Rxe4 dxe4 32. Qa6 Kh7 33. Qe6 e3 34. fxe3
Qe8 35. Rb1 Qf7 36. Qxg4 Qf5 37. Qh4+ Kg8 38. e4 Qf7 39. Rb7 Qf1+ 40. Kh2 Rf7
41. Qg4 Rh7+ 42. Bh4 Rf8 43. Qe6+ Qf7 44. Qxf7+ Rfxf7 45. Kg3 e5 46. Rb2 Rh5
47. Kh3 Rf1 48. g3 Rh7 49. dxe5 Rc7 50. Rc2 Re1 51. g4 Kh7 52. Rh2 Re3+ 0-1

[Event "PARDUBICE OPEN 2007"]
[Site "CEZ arena,  Pardubice  (CZE)"]
[Date "2007.07.20"]
[Round "1"]
[White "Berezovics, Alexander"]
[Black "Jovanovic, Zoran"]
[Result "0-1"]
[WhiteElo "2289"]
[BlackElo "2537"]
[PlyCount "78"]
[EventDate "2007.07.20"]

1. d4 d6 2. c4 g6 3. Nc3 Bg7 4. Nf3 c5 5. d5 Bxc3+ 6. bxc3 f5 7. h3 Qa5 8. Qc2
Nf6 9. Bh6 Nbd7 10. e3 Nb6 11. Bd3 Bd7 12. Ng5 Qa4 13. Qe2 Qa3 14. O-O Na4 15.
Rfc1 Rg8 16. Qc2 Nb6 17. f3 O-O-O 18. Rcb1 Rde8 19. Rb3 Qa6 20. a4 Nbxd5 21.
cxd5 c4 22. Rb4 cxd3 23. Qb3 Kb8 24. c4 Rc8 25. Qxd3 Rc5 26. e4 Rgc8 27. Rc1
Ra5 28. Qd4 Rxa4 29. Rxa4 Bxa4 30. Ne6 fxe4 31. fxe4 Bd7 32. e5 Ne8 33. Nf8 Ba4
34. Bg5 Ng7 35. Bxe7 Nf5 36. Qf4 Nxe7 37. exd6 Nxd5 38. cxd5 Rxc1+ 39. Qxc1
Qxd6 0-1

[Event "PARDUBICE OPEN 2007"]
[Site "CEZ arena,  Pardubice  (CZE)"]
[Date "2007.07.20"]
[Round "1"]
[White "Henrichs, Thomas"]
[Black "Plat, Vojtech"]
[Result "1/2-1/2"]
[WhiteElo "2496"]
[BlackElo "2279"]
[PlyCount "82"]
[EventDate "2007.07.20"]

1. e4 c5 2. Nf3 Nc6 3. d4 cxd4 4. Nxd4 g6 5. Nc3 Bg7 6. Be3 Nf6 7. Bc4 Qa5 8.
O-O O-O 9. Nb3 Qd8 10. Re1 d6 11. Bg5 Bd7 12. Nd5 Nxd5 13. exd5 Ne5 14. Bf1 Re8
15. Qd2 Rc8 16. c3 b5 17. Re4 Nc4 18. Bxc4 bxc4 19. Nd4 Qa5 20. Rae1 Qxd5 21.
Rxe7 Rxe7 22. Rxe7 Re8 23. Rxe8+ Bxe8 24. Nc2 Qxd2 25. Bxd2 Bc6 26. Be3 a6 27.
Bd4 f6 28. Ne3 d5 29. f4 Kf7 30. Kf2 Bf8 31. Kf3 f5 32. g3 Ke6 33. Ke2 a5 34.
Bb6 a4 35. Nc2 Be8 36. Nd4+ Kf7 37. Nf3 Be7 38. Ke3 Bf6 39. a3 Ke6 40. Bc7 Bd7
41. Be5 Bd8 1/2-1/2

[Event "PARDUBICE OPEN 2007"]
[Site "CEZ arena,  Pardubice  (CZE)"]
[Date "2007.07.20"]
[Round "1"]
[White "Molnar, Peter"]
[Black "Jaracz, Pawel"]
[Result "0-1"]
[WhiteElo "2278"]
[BlackElo "2495"]
[PlyCount "58"]
[EventDate "2007.07.20"]

1. d4 Nf6 2. c4 e6 3. Nf3 b6 4. g3 Bb4+ 5. Bd2 Be7 6. Bg2 c6 7. O-O d5 8. Qc2
O-O 9. Bf4 Bb7 10. Nbd2 Nbd7 11. e4 dxc4 12. Nxc4 c5 13. Rfe1 cxd4 14. Nd6 d3
15. Qxd3 Nc5 16. Qd1 Ba6 17. Bf1 Bxf1 18. Kxf1 Nh5 19. e5 Nxf4 20. gxf4 Bxd6
21. exd6 Qf6 22. Qd2 Qf5 23. Rad1 Rad8 24. Qe3 Nb7 25. Qe5 Qc2 26. Kg2 Nc5 27.
Rd2 Qg6+ 28. Qg5 Nd3 29. Qxg6 Nxe1+ 0-1

[Event "PARDUBICE OPEN 2007"]
[Site "CEZ arena,  Pardubice  (CZE)"]
[Date "2007.07.20"]
[Round "1"]
[White "Gavrilov, Alexei"]
[Black "Kaminik, Aleksandar"]
[Result "1-0"]
[WhiteElo "2512"]
[BlackElo "2288"]
[PlyCount "59"]
[EventDate "2007.07.20"]

1. e4 e6 2. d4 d5 3. Nd2 Nf6 4. e5 Nfd7 5. Bd3 c5 6. c3 Nc6 7. Ne2 cxd4 8. cxd4
f6 9. exf6 Nxf6 10. Nf3 Bd6 11. O-O O-O 12. Bg5 Bd7 13. Re1 Qb6 14. Nc3 Ne4 15.
Bh4 Bf4 16. a3 Rae8 17. Qc2 Nxd4 18. Nxd4 Qxd4 19. h3 Bh2+ 20. Kh1 Nxf2+ 21.
Bxf2 Rxf2 22. Re2 Rxe2 23. Nxe2 Qe5 24. Bxh7+ Kh8 25. Rf1 Rc8 26. Bg6 Qd6 27.
Qd3 Be5 28. Qf3 Bf6 29. Qh5+ Kg8 30. Rxf6 1-0

[Event "PARDUBICE OPEN 2007"]
[Site "CEZ arena,  Pardubice  (CZE)"]
[Date "2007.07.20"]
[Round "1"]
[White "Jansa, Vlastimil"]
[Black "Ohme, Melanie"]
[Result "1-0"]
[WhiteElo "2494"]
[BlackElo "2278"]
[PlyCount "99"]
[EventDate "2007.07.20"]

1. e4 c5 2. Nf3 e6 3. g3 d6 4. Bg2 Nc6 5. d4 cxd4 6. Nxd4 Be7 7. O-O Nxd4 8.
Qxd4 Nf6 9. c4 O-O 10. Nc3 Bd7 11. b3 Bc6 12. Bb2 a6 13. Rfd1 Qa5 14. a3 b5 15.
cxb5 axb5 16. Na2 Rfd8 17. Nb4 Bb7 18. Bc3 Qa7 19. Qxa7 Rxa7 20. Bd4 Raa8 21.
e5 Nd5 22. Nxd5 Bxd5 23. Bxd5 exd5 24. Bb6 Rdc8 25. exd6 Bxd6 26. Rxd5 Rxa3 27.
Rxa3 Bxa3 28. Rxb5 Rb8 29. Ra5 Bb4 30. Ra6 Kf8 31. Kf1 Ke8 32. Ke2 Kd7 33. Kd3
Rc8 34. Bd4 g6 35. Rb6 Bd6 36. Rb7+ Ke6 37. b4 Rc1 38. Be3 Rc8 39. b5 h5 40. h4
Be5 41. b6 Rc3+ 42. Kd2 Rc4 43. Ra7 Bd6 44. Kd3 Rb4 45. Bd4 Kd5 46. Ra5+ Kc6
47. Kc3 Rb1 48. Ra7 Rc1+ 49. Kd2 Rc4 50. Kd3 1-0

[Event "PARDUBICE OPEN 2007"]
[Site "CEZ arena,  Pardubice  (CZE)"]
[Date "2007.07.20"]
[Round "1"]
[White "Katov, Luboslav"]
[Black "Kravtsiv, Martyn"]
[Result "0-1"]
[WhiteElo "2277"]
[BlackElo "2492"]
[PlyCount "108"]
[EventDate "2007.07.20"]

1. e4 e5 2. Nf3 Nc6 3. Bc4 Nf6 4. d4 exd4 5. e5 d5 6. Bb5 Ne4 7. Nxd4 Bd7 8.
Bxc6 bxc6 9. O-O Bc5 10. f3 Ng5 11. Be3 Bb6 12. c3 O-O 13. Qc1 Ne6 14. a4 a5
15. Nxe6 fxe6 16. c4 Bxe3+ 17. Qxe3 Rb8 18. Nd2 Rxb2 19. Rfb1 Qb8 20. Qc3 Qa7+
21. c5 Rxb1+ 22. Rxb1 Rf4 23. Qa3 Rb4 24. Rc1 Qb8 25. Rc3 Be8 26. h3 Bg6 27.
Kh2 Qa7 28. Rc1 h6 29. f4 Qa6 30. Qg3 Kh7 31. Nf3 Qd3 32. Rc3 Qe4 33. Nh4 Bh5
34. Ra3 Qxf4 35. Qxf4 Rxf4 36. g4 Rb4 37. Rf3 Kg8 38. gxh5 Rxh4 39. Rb3 Rxa4
40. Rb8+ Kh7 41. Re8 Rc4 42. Rxe6 Rxc5 43. Kg3 Rc4 44. Re7 Re4 45. Rxc7 Rxe5
46. Rxc6 Rxh5 47. Kg4 Rg5+ 48. Kh4 Rg6 49. Rc5 Ra6 50. Rxd5 a4 51. Rd2 a3 52.
Ra2 Ra4+ 53. Kg3 Kg6 54. h4 Kh5 0-1

[Event "PARDUBICE OPEN 2007"]
[Site "CEZ arena,  Pardubice  (CZE)"]
[Date "2007.07.20"]
[Round "1"]
[White "Thiede, Lars"]
[Black "Londyn, Radek"]
[Result "1-0"]
[WhiteElo "2489"]
[BlackElo "2276"]
[PlyCount "147"]
[EventDate "2007.07.20"]

1. c4 Nf6 2. g3 c6 3. Bg2 d5 4. Nf3 Nbd7 5. O-O e6 6. b3 Be7 7. Bb2 O-O 8. d3
b6 9. Qc2 Bb7 10. e4 c5 11. cxd5 exd5 12. Nc3 d4 13. Ne2 Ng4 14. h3 Nge5 15.
Nd2 Ba6 16. Nc4 Rc8 17. a4 Nc6 18. Qd2 Bb7 19. f4 Nb4 20. g4 g5 21. Bc1 Ba6 22.
Qd1 Bxc4 23. bxc4 gxf4 24. Bxf4 Bg5 25. Bh2 f6 26. Rf5 Be3+ 27. Kh1 Ne5 28. Ra3
Qe8 29. Nf4 Bxf4 30. Bxf4 Qg6 31. g5 Kh8 32. gxf6 Nd7 33. Bf3 Rxf6 34. Bg4 Rg8
35. Qe2 Rxf5 36. exf5 Qg7 37. Ra1 Nf6 38. Re1 Nc6 39. Bf3 Nb8 40. Qe7 Nbd7 41.
Bc6 Qxe7 42. Rxe7 Rg7 43. Re6 Kg8 44. Kh2 Kf7 45. Bd6 h5 46. Kh1 Kg8 47. Kh2
Kf7 48. Be7 Rg8 49. Bb5 Rg7 50. Bxd7 Nxd7 51. Bh4 Kg8 52. Bg3 Rg5 53. Re7 Rg7
54. Re8+ Kf7 55. Rh8 Rg5 56. Rh7+ Ke8 57. Bh4 Rxf5 58. Re7+ Kf8 59. Rxd7 Rf3
60. Rxa7 Rxd3 61. a5 bxa5 62. Rxa5 Rd2+ 63. Kg3 Rd3+ 64. Kg2 Rd2+ 65. Bf2 d3
66. Rxc5 Rc2 67. Rxh5 Rxc4 68. Rd5 Rc3 69. Kf3 Kf7 70. h4 Ke6 71. Rd8 Kf5 72.
Ke3 d2+ 73. Kxd2 Rh3 74. Ke2 1-0

[Event "PARDUBICE OPEN 2007"]
[Site "CEZ arena,  Pardubice  (CZE)"]
[Date "2007.07.20"]
[Round "1"]
[White "Rudolf, Anna"]
[Black "Iskusnykh, Sergei"]
[Result "0-1"]
[WhiteElo "2275"]
[BlackElo "2488"]
[PlyCount "80"]
[EventDate "2007.07.20"]

1. e4 c5 2. Nf3 Nc6 3. d4 cxd4 4. Nxd4 Nf6 5. Nc3 d6 6. Bc4 Qb6 7. Nb3 e6 8.
Be3 Qc7 9. f4 a6 10. a4 b6 11. O-O Be7 12. Be2 O-O 13. Bf3 Bb7 14. Kh1 Rfe8 15.
g4 d5 16. e5 Nxg4 17. Bxg4 d4 18. Bf3 dxe3 19. Qe2 Nb4 20. Rac1 Bxf3+ 21. Rxf3
Rad8 22. Rxe3 Rd7 23. Qg2 Red8 24. Qe4 Qc6 25. Kg2 Qc8 26. Rg3 Rc7 27. Re3 Rc4
28. Qf3 Nd5 29. Nxd5 Rxd5 30. Kg3 Rxc2 31. Rc3 Rxc3 32. Rxc3 Qd7 33. Qe4 g6 34.
Kf3 Kg7 35. Ke2 a5 36. Rc2 Bb4 37. Rc4 Qxa4 38. Nd4 Qa1 39. Nf5+ exf5 40. Qxd5
Qe1+ 0-1

[Event "PARDUBICE OPEN 2007"]
[Site "CEZ arena,  Pardubice  (CZE)"]
[Date "2007.07.20"]
[Round "1"]
[White "Schneider, Dmitry"]
[Black "Toma, Katarzyna"]
[Result "1/2-1/2"]
[WhiteElo "2488"]
[BlackElo "2275"]
[PlyCount "91"]
[EventDate "2007.07.20"]

1. e4 c5 2. Nf3 Nc6 3. d4 cxd4 4. Nxd4 Nf6 5. Nc3 e5 6. Ndb5 d6 7. Bg5 a6 8.
Na3 b5 9. Nd5 Be7 10. Bxf6 Bxf6 11. c3 Ne7 12. Nxf6+ gxf6 13. Be2 Bb7 14. Bf3
Qb6 15. Nc2 d5 16. exd5 Rd8 17. Qe2 Nxd5 18. g3 b4 19. c4 b3 20. Bxd5 Bxd5 21.
cxd5 Qa5+ 22. Qd2 Qxd2+ 23. Kxd2 Rxd5+ 24. Kc1 bxc2 25. Kxc2 Ke7 26. Rad1 Rc5+
27. Kb1 h5 28. Rc1 Rd5 29. Rhd1 Rxd1 30. Rxd1 h4 31. Rd3 hxg3 32. hxg3 Rh2 33.
Rd2 f5 34. Kc2 e4 35. Kd1 Ke6 36. Ke2 Rh1 37. Rd4 Rb1 38. Rb4 Kd5 39. a3 Ke5
40. Rb6 f4 41. gxf4+ Kxf4 42. a4 f5 43. a5 Ra1 44. Rxa6 Ra2 45. Rb6 Rxa5 46.
Rb4 1/2-1/2

[Event "PARDUBICE OPEN 2007"]
[Site "CEZ arena,  Pardubice  (CZE)"]
[Date "2007.07.20"]
[Round "1"]
[White "Schuh, Dirk"]
[Black "Maiorov, Nikita"]
[Result "0-1"]
[WhiteElo "2275"]
[BlackElo "2487"]
[PlyCount "62"]
[EventDate "2007.07.20"]

1. e4 e5 2. Bc4 Nc6 3. Nc3 Nf6 4. d3 Na5 5. Qf3 c6 6. a4 Bb4 7. Ba2 d5 8. Bd2
d4 9. Nb1 Qe7 10. c3 dxc3 11. bxc3 Bd6 12. Ne2 Be6 13. Ng3 Nd7 14. Be3 Nc5 15.
Bxc5 Bxc5 16. Nf5 Qf6 17. Nd2 Rd8 18. Ke2 O-O 19. Rhd1 Kh8 20. Ne3 Qe7 21. Bxe6
Qxe6 22. Qf5 Qe7 23. Nec4 Nxc4 24. Nxc4 f6 25. Rab1 g6 26. Qh3 f5 27. f3 fxe4
28. dxe4 Qf7 29. Nd2 b6 30. Ke1 Rd3 31. Nb3 Re3+ 0-1